| 000 | 00999nam a2200289 i 4500 | ||
|---|---|---|---|
| 003 | DO-SdBNP | ||
| 005 | 20250617153307.0 | ||
| 007 | ta | ||
| 008 | 250602s2006 dr 000 0 spa d | ||
| 040 |
_aDO-SdBNP _bspa _cBNPHU _erda |
||
| 082 | 4 |
_a323.445 _bR426L, 2006 _222 |
|
| 110 | 1 |
_aRepública Dominicana. _9447 |
|
| 240 | 1 | 2 | _a[Leyes, etc.] |
| 245 | 1 | 0 |
_aLey general de libre acceso a la información pública : _bley No. 200-04 / |
| 264 | 1 |
_aSanto Domingo : _bCNECC, _c2006. |
|
| 300 |
_a67 páginas ; _c21 cm. |
||
| 336 |
_atexto _btxt _2rdacontent |
||
| 337 |
_asin mediación _bn _2rdamedia |
||
| 338 |
_avolumen _bnc _2rdacarrier |
||
| 590 | _aInventariado, 2025/ YL | ||
| 650 | 4 |
_aAcceso a la información _xLegislación _917043 |
|
| 650 | 4 |
_aPolítica de información _zRepública Dominicana _917044 |
|
| 651 | 4 |
_aRepública Dominicana _xLey 200-04 _917045 |
|
| 710 | 2 |
_aComisión Nacional de Ética y Combate a la Corrupción (CNECC) _983952 |
|
| 910 | _aYLockward | ||
| 942 |
_2ddc _cLBS1 |
||
| 999 |
_c59117 _d59117 |
||